00838nam a22002657a 4500001000400000003000900004005001700013008002800030020001500058040002200073082002000095100001800115245007800133260004900211300002100260490002200281590002600303650002000329700002800349830002200377910002300399942001200422952012300434999001500557092DO-SdBNP20221121094833.0151005b19uu sp 00| 0 spa d a8470021184 aBPMSUbspacBPMSU a843bR197c 2221 aRanic, Claude13aEl carnaval de los buitres /cClaude Ranic ; traducción José Ma. Roca aBarcelona :bLitografía Rosés, c[19--]. a151 p. ;c18 cm.0 aEl observadorv64 6Inventariado, 2022/VM 4aNovela francesa1 aRoca, José Ma.etrad. 0aEl observadorn64 aVMateo V./Validado 2ddccBK 00102ddc40708CJ-GaBPMETbBPMETd2015-11-03eFUNDIoBPMSU CG 843 R197c pBPMSU15110033r2015-11-03w2015-11-03yBK c8528d8528